000
00214 a2200097 4500
001
11248
100
_a
Maroin, C.
245
_a
Russain Advance Towards India
260
_a
_b
Saeed book Bank
_c
090
_c
8800
_d
8800
942
_a
NUST-CAE
_c
_c
35601
999
_c
246321
_d
246321